| 000 | 00413nam a22001697a 4500 | ||
|---|---|---|---|
| 005 | 20160429110551.0 | ||
| 008 | 160429b xxu||||| |||| 00| 0 eng d | ||
| 020 | _a0-07-4660081-8 | ||
| 041 | _aeng | ||
| 082 | _b00773 | ||
| 100 |
_aRice, Elaine _9219 |
||
| 245 | _aArtificial Inteligence | ||
| 260 |
_aNew Delhi _bTMH Publ.co.Ltd. _c2004 |
||
| 300 | _a621 | ||
| 650 |
_aInformation Technology _9137 |
||
| 942 | _cBK | ||
| 999 |
_c245 _d245 |
||